Online
Catalog

Doña Perfecta / (Record no. 34214)

MARC details
000 -CABECERA
campo de control de longitud fija 01082nam a2200253 a 4500
001 - NÚMERO DE CONTROL
campo de control 000034723
005 - FECHA Y HORA DE LA ÚLTIMA TRANSACCIÓN
campo de control 20200930073849.0
008 - DATOS DE LONGITUD FIJA--INFORMACIÓN GENERAL
campo de control de longitud fija 111019s1972 ag 000 f spa d
040 ## - FUENTE DE LA CATALOGACIÓN
Centro catalogador/agencia de origen DO-SdBNP
Lengua de catalogación spa
Centro/agencia transcriptor BNPHU
082 ## - NÚMERO DE LA CLASIFICACIÓN DECIMAL DEWEY
Número de clasificación 863.5
Número de documento/Ítem P438d, 1972
100 1# - ENTRADA PRINCIPAL--NOMBRE DE PERSONA
Nombre de persona Pérez Galdós, Benito,
Fechas asociadas al nombre 1843-1920
9 (RLIN) 3681
245 10 - MENCIÓN DE TÍTULO
Título Doña Perfecta /
Mención de responsabilidad, etc. Benito Pérez Galdós ; estudio preliminar y notas de Aurora Elvira Notari de Pando.
260 ## - PUBLICACIÓN, DISTRIBUCIÓN, ETC.
Lugar de publicación, distribución, etc. Buenos Aires :
Nombre del editor, distribuidor, etc. Kapelusz,
Fecha de publicación, distribución, etc. 1972.
300 ## - DESCRIPCIÓN FÍSICA
Extensión 251 p. ;
Dimensiones 16 cm.
490 1# - MENCIÓN DE SERIE
Mención de serie Grandes obras de la literatura universal
Designación de volumen o secuencia 84
500 ## - NOTA GENERAL
Nota general Incluye resumen cronológico de la vida y la obra de Benito Pérez Galdós.
590 ## - NOTA LOCAL (RLIN)
Nota local Perteneció a la biblioteca personal de Juan Isidro Jimenes Grullón
600 14 - PUNTO DE ACCESO ADICIONAL DE MATERIA--NOMBRE DE PERSONA
Nombre de persona PÉREZ GALDÓS, BENITO,
Fechas asociadas al nombre 1843-1920
Título de la obra DOÑA PERFECTA
Subdivisión general CRÍTICA E INTERPRETACIÓN
9 (RLIN) 60182
650 #4 - PUNTO DE ACCESO ADICIONAL DE MATERIA--TÉRMINO DE MATERIA
Término de materia o nombre geográfico como elemento de entrada Novela española
9 (RLIN) 1123
650 #4 - PUNTO DE ACCESO ADICIONAL DE MATERIA--TÉRMINO DE MATERIA
Término de materia o nombre geográfico como elemento de entrada Literatura española
9 (RLIN) 632
700 12 - PUNTO DE ACCESO ADICIONAL--NOMBRE DE PERSONA
Nombre de persona Notari de Pando, Aurora Elvira
9 (RLIN) 60183
830 #0 - PUNTO DE ACCESO ADICIONAL DE SERIE-TÍTULO UNIFORME
Título uniforme Grandes obras de la literatura universal
Designación de volumen o secuencia 84
9 (RLIN) 5363
910 ## - DATOS DE OPCIÓN DEL USUARIO (OCLC)
Datos de opción del usuario Validado. Control de calidad BNPHU
Holdings
Estado de retiro Estado de pérdida Restricciones de uso No para préstamo Código de colección Localización permanente Ubicación/localización actual Ubicación en estantería Fecha de adquisición Número de inventario Total de préstamos Signatura topográfica completa Código de barras Fecha visto por última vez Precio válido a partir de Tipo de ítem Koha Nota pública
      Excluido de préstamo Monografías: Libros y Folletos General General Depósito 19.10.2011 LF1   863.5 P438d, 1972 34723-10 25.06.2020 25.06.2020 No se presta Biblioteca Juan Isidro Jiménes Grullón

Powered by Koha